| 000 | 00000nas 2200000za 4500 |
| 001 | 9.501090 |
| 003 | CaOODSP |
| 005 | 20230327092725 |
| 007 | cr ||||||||||| |
| 008 | 150406d20022002xxc|| p o||||f| |0fre|d |
| 040 | |aCaOODSP|bfre |
| 043 | |an-cn--- |
| 086 | 1 |aP60-4/1F-PDF|zP60-4/1F-IN |
| 110 | 1 |aCanada. |bTravaux publics et services gouvernementaux Canada, |eauteur, |eorganisme de publication. |
| 245 | 10|aClauses et conditions uniformisées d'achat / |h[ressource électronique]|cPréparé par la Direction de la politique opérationnelle. |
| 260 | |aOttawa - Ontario : |bTravaux publics et Services gouvernementaux Canada |
| 310 | |aIrrégulier |
| 362 | 1 |a[Résumé des changements, 13 décembre 2002 (Modification No. 02-2)] |
| 500 | |aLes numéros ultérieurs sont disponible au n° de catalogue P26-2E-PDF. |
| 775 | 08|tStandard acquisition clauses and conditions manual / |w(CaOODSP)9.504677 |
| 776 | 0#|tClauses et conditions uniformisées d'achat / |w(CaOODSP)9.513399 |